Engineering Design (Record no. 18492)

MARC details
000 -LEADER
fixed length control field 00471nam a22001937a 4500
005 - DATE AND TIME OF LATEST TRANSACTION
control field 20230529151950.0
008 - FIXED-LENGTH DATA ELEMENTS--GENERAL INFORMATION
fixed length control field 230524b |||||||| |||| 00| 0 eng d
020 ## - INTERNATIONAL STANDARD BOOK NUMBER
ISBN 9780072837032
082 ## - DEWEY DECIMAL CLASSIFICATION NUMBER
Classification number 620.0042
Item number DIE-E
100 ## - MAIN ENTRY--AUTHOR
Author Name Dieter;George.E
245 ## - TITLE STATEMENT
Title Engineering Design
250 ## - EDITION STATEMENT
Edition statement 4th ed.
260 ## - PUBLICATION, DISTRIBUTION, ETC.
Place of Publication India
Name of publisher, distributor, etc. McGraw Hill
Date of publication, distribution, etc. 2009
300 ## - PHYSICAL DESCRIPTION
Pages 827
500 ## - GENERAL NOTE
General note Includes Index, Appendix
650 ## - SUBJECT ADDED ENTRY--TOPICAL TERM
Subject / Department Engineering
700 ## - ADDED ENTRY--PERSONAL NAME
Personal name George E.Dieter
952 ## - LOCATION AND ITEM INFORMATION (KOHA)
-- 0
-- 0
Holdings
Lost status Damaged status Permanent Location Current Location Shelving Location Date acquired Full Call Number Accession No./Barcode Date last seen item type
    Superior Information Resource Center (SIRC) Superior University- Central Library Superior Information Resource Center (SIRC) Superior University- Central Library Engineering 05/24/2023 620.0042 DIE-E 2009 15418 05/24/2023 BOOK

Powered by Koha